[Event "World op"]
[Site "Philadelphia"]
[Date "1996.??.??"]
[Round "?"]
[White "Shabalov, Alexander"]
[Black "Baczynskyj, Boris"]
[Result "1-0"]
[WhiteElo "2570"]
[BlackElo "2295"]
[PlyCount "61"]
[EventDate "1996.??.??"]
[Source "www.chesslib.no"]
[SourceDate "2004.05.04"]

1. e4 e5 2. Nf3 Nc6 3. Bc4 Bc5 4. b4 Bxb4 5. c3 Be7 6. d4 d6 7. dxe5 Bg4 8. exd6 Qxd6 9. Qb3 O-O-O 10. Nbd2 Bxf3 11. gxf3 Na5 12. Qc2 Nxc4 13. Nxc4 Qe6 14. Qb3 Nf6 15. Be3 g5 16. Rb1 b6 17. h3 h5 18. Qb5 g4 19. Qa6+ Kd7 20. Rd1+ Ke8 21. Rxd8+ Bxd8 22. hxg4 Nxg4 23. fxg4 Qxe4 24. Qb5+ Kf8 25. Rxh5 Rxh5 26. gxh5 c5 27. Qd7 Be7 28. h6 f5 29. h7 Qh1+ 30. Kd2 Qxh7 31. Nd6 1-0

[Event "Pamporovo"]
[Site "Pamporovo"]
[Date "1981.??.??"]
[Round "4"]
[White "Skrobek, Ryszard"]
[Black "Djuric, Stefan"]
[Result "1/2-1/2"]
[WhiteElo "2425"]
[BlackElo "2435"]
[PlyCount "43"]
[EventDate "1981.02.??"]
[Source "ChessBase"]

1. e4 e5 2. Nf3 Nc6 3. Bc4 Bc5 4. b4 Bxb4 5. c3 Be7 6. Qb3 Nh6 7. d4 Na5 8. Qb5 Nxc4 9. Bxh6 gxh6 10. Qxc4 exd4 11. O-O Rg8 12. Kh1 d3 13. Qxd3 a5 14. Ne1 Ra6 15. f4 Rd6 16. Qe2 b6 17. f5 Bb7 18. Nf3 Rc6 19. Qd3 Rd6 20. Qe2 Rc6 21. Qd3 Rd6 22. Qe2 1/2-1/2

[Event "First Saturday GM - Marzo 2008"]
[Site "Budapest UNG"]
[Date "2008.03.11"]
[Round "11"]
[White "Llaneza Vega, Marcos"]
[Black "Fodor, Tamas"]
[Result "1-0"]
[WhiteElo "2445"]
[BlackElo "2407"]
[PlyCount "95"]
[EventDate "2008.03.01"]
[Source "www.chesslib.no"]
[SourceDate "2004.05.04"]

1. e4 e5 2. Nf3 Nc6 3. Bc4 Bc5 4. b4 Bxb4 5. c3 Be7 6. d4 Na5 7. Be2 exd4 8. Qxd4 d6 9. Qxg7 Bf6 10. Qg3 Be6 11. Nd4 Bc4 12. Bxc4 Nxc4 13. Qd3 Ne5 14. Qb5+ c6 15. Qxb7 Ne7 16. O-O Rb8 17. Qa6 Qd7 18. f4 Ng4 19. Qe2 Rg8 20. h3 Bxd4+ 21. cxd4 Nf6 22. f5 d5 23. Bf4 Rb7 24. Nc3 Nxe4 25. Nxe4 dxe4 26. Be5 Qd5 27. Rab1 Rb6 28. Rxb6 axb6 29. f6 Ng6 30. Qa6 Kd7 31. Qxb6 Ke6 32. Qb7 h5 33. Bg3 Qxd4+ 34. Kh1 Qc5 35. Re1 Qc4 36. Qb1 Kf5 37. Rc1 Qd3 38. Rf1+ Ke6 39. Qc1 Rc8 40. Bh2 c5 41. Rd1 Qe2 42. Rd2 Qb5 43. Rd6+ Kf5 44. g4+ hxg4 45. hxg4+ Kxg4 46. Rd5 Rh8 47. Qg1+ Kf3 48. Rf5+ 1-0

[Event "CRO-chT2"]
[Site "Tucepi"]
[Date "1996.??.??"]
[Round "?"]
[White "Sermek, Drazen"]
[Black "Bubalovic, Davorin"]
[Result "1/2-1/2"]
[WhiteElo "2535"]
[BlackElo "2315"]
[PlyCount "129"]
[EventDate "1996.??.??"]
[Source "www.chesslib.no"]
[SourceDate "2004.05.04"]

1. e4 e5 2. Nf3 Nc6 3. Bc4 Bc5 4. b4 Bxb4 5. c3 Be7 6. Qb3 d6 7. Bxf7+ Kf8 8. Bxg8 Rxg8 9. d4 Qe8 10. dxe5 dxe5 11. Nbd2 Qg6 12. O-O Rb8 13. Ba3 Be6 14. Bxe7+ Kxe7 15. Qb5 Qf6 16. Qc5+ Kf7 17. Nc4 Bxc4 18. Qxc4+ Kg6 19. Rad1 Rge8 20. Rd5 h6 21. Rfd1 Kh7 22. h3 Re7 23. Rc5 Re6 24. Qb3 b6 25. Rcd5 Re7 26. Nh2 Rf8 27. R1d2 Qf4 28. Qc2 Na5 29. g3 Qf7 30. Qd3 Nb7 31. Ng4 Rfe8 32. Qe2 Nc5 33. Kh2 h5 34. Rxc5 bxc5 35. Ne3 g6 36. Rd5 Re6 37. Rxc5 Rf8 38. Kg2 Rf6 39. Nd1 Re8 40. Ne3 Rf8 41. Nd1 Re8 42. Ne3 c6 43. Kg1 Qb7 44. Qd3 Qe7 45. Ra5 Ref8 46. Qc4 R8f7 47. h4 Qd8 48. Rxe5 Qd2 49. Rf5 gxf5 50. e5 Qe1+ 51. Kg2 f4 52. exf6 f3+ 53. Kh2 Qxf2+ 54. Kh3 Rxf6 55. Qe4+ Kh6 56. g4 Kg7 57. Qe7+ Kg8 58. g5 Rf7 59. Qe8+ Kg7 60. Qe5+ Kg6 61. Qe6+ Kh7 62. Qh6+ Kg8 63. Qg6+ Kf8 64. Qd6+ Kg7 65. Qe5+ 1/2-1/2

[Event "Ch Europe (w)"]
[Site "Dresden (Germany)"]
[Date "2007.04.05"]
[Round "3"]
[White "Muzychuk Anna (SLO)"]
[Black "Kachiani-G Ketino (GER)"]
[Result "1-0"]
[WhiteElo "2474"]
[BlackElo "2375"]
[PlyCount "85"]
[EventDate "2007.??.??"]
[Source "www.chesslib.no"]
[SourceDate "2004.05.04"]

1. e4 e5 2. Nf3 Nc6 3. Bc4 Bc5 4. b4 Bxb4 5. c3 Be7 6. d4 Na5 7. Be2 exd4 8. Qxd4 d6 9. Qxg7 Bf6 10. Qg3 Qe7 11. Qf4 Bd7 12. O-O O-O-O 13. Be3 Nc6 14. Bd4 Re8 15. Nbd2 d5 16. Bd3 Bxd4 17. cxd4 Qf6 18. Qxf6 Nxf6 19. e5 Nh5 20. Rab1 Reg8 21. g3 Nf4 22. Bb5 Bf5 23. Rb3 Ne7 24. Rc1 h5 25. Kf1 Bh3+ 26. Ke1 Ne6 27. Bf1 Bg4 28. h3 Bf5 29. Re3 Nc6 30. Nb3 Nb4 31. Kd2 Nxa2 32. Ra1 Nb4 33. Rxa7 Be4 34. Ra4 Nc6 35. Bb5 Kd8 36. Bxc6 bxc6 37. Nh4 Ke7 38. f3 Bh7 39. f4 Be4 40. f5 Ra8 41. Rxa8 Rxa8 42. fxe6 Ra2+ 43. Ke1 1-0

[Event "Groningen GAM"]
[Site "Groningen NED"]
[Date "1993.??.??"]
[Round "?"]
[White "Kuijf, Marinus N"]
[Black "Hoeksema, Hendrik Pieter"]
[Result "1/2-1/2"]
[WhiteElo "2440"]
[BlackElo "2405"]
[PlyCount "41"]
[EventDate "1993.??.??"]
[Source "www.chesslib.no"]
[SourceDate "2004.05.04"]

1. e4 e5 2. Nf3 Nc6 3. Bc4 Bc5 4. b4 Bxb4 5. c3 Be7 6. d4 Na5 7. Nxe5 Nxc4 8. Nxc4 d5 9. exd5 Qxd5 10. Ne3 Qa5 11. O-O Nf6 12. Bb2 O-O 13. Nd2 c6 14. Ndc4 Qc7 15. Ne5 Be6 16. c4 Rad8 17. Qf3 Nd7 18. Nd3 Nb6 19. Rac1 Na4 20. Ba1 Bf6 21. d5 1/2-1/2

[Event "otb"]
[Site "otb"]
[Date "2007.05.08"]
[Round "8"]
[White "Muzychuk Anna"]
[Black "Ruan Lufei"]
[Result "0-1"]
[WhiteElo "2474"]
[BlackElo "2370"]
[PlyCount "120"]
[Source "www.chesslib.no"]
[SourceDate "2004.05.04"]

1. e4 e5 2. Nf3 Nc6 3. Bc4 Bc5 4. b4 Bxb4 5. c3 Be7 6. d4 Na5 7. Nxe5 Nxc4 8. Nxc4 d5 9. exd5 Qxd5 10. Ne3 Qd8 11. O-O Nf6 12. c4 O-O 13. Nc3 c6 14. Bb2 Re8 15. Re1 Bb4 16. Qb3 Ba5 17. d5 Ne4 18. Rad1 Bxc3 19. Bxc3 Qh4 20. Qb2 Nxc3 21. Qxc3 Bd7 22. Qb4 Rab8 23. Qa5 a6 24. Qc7 Qd8 25. Qf4 Qf6 26. Qxf6 gxf6 27. c5 cxd5 28. Nxd5 Rxe1+ 29. Rxe1 Be6 30. Nxf6+ Kg7 31. Ne4 Bxa2 32. Nd6 Bd5 33. Rd1 Bc6 34. Ra1 Ra8 35. Ra5 Kf6 36. f4 Ke6 37. Nc4 Rd8 38. Nd6 Rd7 39. Kf2 Kd5 40. g3 Kd4 41. g4 Kd5 42. Ke3 b6 43. Rxa6 Kxc5 44. Nf5 b5 45. Ra1 Bd5 46. Ng3 b4 47. Ne4+ Bxe4 48. Kxe4 b3 49. h4 Rb7 50. Ke5 b2 51. Rb1 Rb6 52. f5 Kc4 53. Rxb2 f6+ 54. Kf4 Rxb2 55. g5 fxg5+ 56. Kxg5 Kd5 57. Kf6 Rb7 58. h5 Ra7 59. Kg5 Ke5 60. Kh6 Rf7 0-1

[Event "Santa Fe Bogota 4th"]
[Site "Bogota COL"]
[Date "1979.??.??"]
[Round "9"]
[White "Nogueiras, Jesus"]
[Black "Campora, Daniel H"]
[Result "1-0"]
[WhiteElo "2435"]
[BlackElo "2400"]
[PlyCount "67"]
[EventDate "1979.??.??"]
[Source "www.chesslib.no"]
[SourceDate "2004.05.04"]

1. e4 e5 2. Nf3 Nc6 3. Bc4 Bc5 4. b4 Bxb4 5. c3 Bc5 6. d4 exd4 7. O-O d6 8. cxd4 Bb6 9. Nc3 Bg4 10. Bb5 Bxf3 11. gxf3 Kf8 12. Be3 Nce7 13. Kh1 c6 14. Bd3 d5 15. Ne2 Nf6 16. Rg1 Qd7 17. e5 Nh5 18. Rg5 g6 19. Rxh5 gxh5 20. Ng3 h6 21. f4 h4 22. Nh5 Qe6 23. Nf6 h5 24. Qf3 Nf5 25. Rg1 Ke7 26. Rg5 Nxe3 27. f5 Qc8 28. fxe3 Qf8 29. Nxd5+ Kd8 30. Nf4 Qa3 31. Rg7 Qxa2 32. e6 f6 33. e7+ Kd7 34. e8=Q+ 1-0

[Event "Europa ch 2008"]
[Site "Plovdiv BUL"]
[Date "2008.04.25"]
[Round "5.121"]
[White "Papin, Vasily"]
[Black "Van Beek, Alexander"]
[Result "0-1"]
[WhiteElo "2483"]
[BlackElo "2343"]
[PlyCount "90"]
[EventDate "2008.04.21"]
[Source "www.chesslib.no"]
[SourceDate "2004.05.04"]

1. e4 e5 2. Nf3 Nc6 3. Bc4 Bc5 4. b4 Bxb4 5. c3 Be7 6. d4 Na5 7. Be2 exd4 8. Qxd4 d6 9. Qxg7 Bf6 10. Qg3 Ne7 11. Bg5 Ng6 12. h4 h6 13. Be3 Be6 14. Nbd2 Bxc3 15. Rc1 Qf6 16. h5 Ne7 17. e5 Bxe5 18. Nxe5 Nf5 19. Ng4 Qb2 20. Rb1 Nxg3 21. Rxb2 Nxe2 22. Nxh6 Nc1 23. Rb5 b6 24. g4 Nxa2 25. g5 c5 26. g6 fxg6 27. hxg6 Kf8 28. Ne4 Nc4 29. Ng5 Bd5 30. Nh7+ Ke7 31. Rh5 Nxe3 32. fxe3 Be4 33. g7 Rxh7 34. g8=Q Rxg8 35. Nxg8+ Kf7 36. Rxh7+ Bxh7 37. Nh6+ Kg7 38. Rb2 Nb4 39. Rh2 a5 40. Kd2 a4 41. Ng4 a3 42. Kc3 a2 43. Kb2 Bb1 44. Rg2 Kf7 45. Rf2+ Ke7 0-1

[Event "Oslo CI"]
[Site "Oslo"]
[Date "1973.??.??"]
[Round "6"]
[White "Zwaig, Arne"]
[Black "Kristiansen, Erling"]
[Result "1-0"]
[WhiteElo "2420"]
[BlackElo "2405"]
[PlyCount "63"]
[EventDate "1973.??.??"]
[Source "ChessBase"]

1. e4 e5 2. Nf3 Nc6 3. Bc4 Bc5 4. b4 Bxb4 5. c3 Be7 6. d4 Na5 7. Nxe5 Nxc4 8. Nxc4 d5 9. exd5 Qxd5 10. Ne3 Qd8 11. O-O Nf6 12. c4 O-O 13. Bb2 b5 14. cxb5 Rb8 15. Nc3 a6 16. a4 c6 17. Qf3 cxb5 18. axb5 axb5 19. Ra7 Bd6 20. Rfa1 Bc7 21. Ncd5 Nxd5 22. Nxd5 Bd6 23. Ne3 Qg5 24. Rc1 Rb6 25. d5 Bf4 26. g3 Rg6 27. h4 Qh6 28. Rxc8 Rxg3+ 29. fxg3 Bxe3+ 30. Kh1 Bxa7 31. Rxf8+ Kxf8 32. Qa3+ 1-0

[Event "corr Bozidar Kazic mem"]
[Site "?"]
[Date "1998.??.??"]
[Round "?"]
[White "Jovcic, Milan"]
[Black "Serafimovic, Tomislav"]
[Result "1/2-1/2"]
[WhiteElo "2455"]
[BlackElo "2360"]
[PlyCount "34"]
[EventDate "1998.??.??"]
[Source "www.chesslib.no"]
[SourceDate "2004.05.04"]

1. e4 e5 2. Nf3 Nc6 3. Bc4 Bc5 4. b4 Bxb4 5. c3 Be7 6. d4 Na5 7. Nxe5 Nxc4 8. Nxc4 d5 9. exd5 Qxd5 10. Ne3 Qa5 11. O-O Nf6 12. c4 O-O 13. d5 Bc5 14. Nd2 Bxe3 15. fxe3 Qc3 16. Qb3 Qxb3 17. axb3 Re8 1/2-1/2

[Event "Canberra"]
[Site "Canberra AUS"]
[Date "1995.??.??"]
[Round "5"]
[White "Situru, Nathanael"]
[Black "Kagan, Naum"]
[Result "1-0"]
[WhiteElo "2420"]
[BlackElo "2395"]
[PlyCount "97"]
[EventDate "1995.??.??"]
[Source "www.chesslib.no"]
[SourceDate "2004.05.04"]

1. e4 e5 2. Nf3 Nc6 3. Bc4 Bc5 4. b4 Bxb4 5. c3 Be7 6. d4 Na5 7. Be2 exd4 8. Qxd4 f6 9. O-O b6 10. Re1 Bc5 11. Qd5 Bb7 12. Qh5+ g6 13. Qh4 Qe7 14. e5 fxe5 15. Bg5 Qg7 16. Bd1 d6 17. Nd4 Bxd4 18. cxd4 h6 19. Bd2 Ne7 20. dxe5 dxe5 21. Bc3 Nac6 22. Bf3 O-O-O 23. Na3 Rhf8 24. Rac1 Kb8 25. Nb5 g5 26. Qa4 Rf4 27. Qa3 Rxf3 28. gxf3 Ng6 29. Bb2 a6 30. Nc3 Nh4 31. Ne4 Qd7 32. Kh1 Nd4 33. Bxd4 Qh3 34. Rg1 Nxf3 35. Bxe5 Bxe4 36. Bxc7+ Kb7 37. Rg2 Rd7 38. Qb4 Qe6 39. Bxb6 a5 40. Bxa5+ Ka7 41. Bb6+ Qxb6 42. Qa4+ Kb8 43. Qxe4 Nd2 44. Qe8+ Rd8 45. Qe5+ Ka7 46. f4 Nc4 47. Qe7+ Kb8 48. fxg5 hxg5 49. Qxg5 1-0

[Event "Caracas"]
[Site "Caracas VEN"]
[Date "1973.??.??"]
[Round "3"]
[White "Diaz, Salvador"]
[Black "Frey Beckman, Kenneth"]
[Result "0-1"]
[WhiteElo "2320"]
[BlackElo "2490"]
[PlyCount "112"]
[EventDate "1973.??.??"]
[Source "www.chesslib.no"]
[SourceDate "2004.05.04"]

1. e4 e5 2. Nf3 Nc6 3. Bc4 Bc5 4. b4 Bxb4 5. c3 Be7 6. d4 Na5 7. Nxe5 Nxc4 8. Nxc4 d5 9. exd5 Qxd5 10. Ne3 Qa5 11. O-O Nf6 12. Ba3 Bxa3 13. Nc4 Qa6 14. Ncxa3 O-O 15. c4 Bf5 16. Qb3 Rad8 17. Rd1 Qb6 18. Qxb6 axb6 19. Nc3 Rfe8 20. Rac1 Kf8 21. Kf1 Re7 22. Nc2 Bxc2 23. Rxc2 Ne4 24. Nxe4 Rxe4 25. Rcd2 g6 26. f3 Re3 27. Rc1 Ra3 28. Rcc2 Ke7 29. Ke2 Kd7 30. Kd1 Kc6 31. Kc1 Re8 32. Kb2 Ree3 33. c5 bxc5 34. Rxc5+ Kd6 35. Rdc2 c6 36. R5c3 Raxc3 37. Rxc3 Re1 38. Rc2 Kd5 39. Rd2 Kc4 40. Kc2 Re3 41. h3 h5 42. Kb2 Re6 43. Kc2 b5 44. Kd1 Rd6 45. Ke2 Rxd4 46. Rc2+ Kd5 47. Ke3 f5 48. g3 c5 49. h4 c4 50. Rb2 Rd3+ 51. Kf4 Kc5 52. Re2 c3 53. Re8 Rd6 54. Ke3 Kb4 55. Rc8 Ra6 56. Kd4 Rxa2 0-1

[Event "Dato Arthur Tan Malaysian Op"]
[Site "Kuala Lumpur MAS"]
[Date "2007.08.24"]
[Round "8"]
[White "Li Chao"]
[Black "Wang Rui"]
[Result "1-0"]
[WhiteElo "2320"]
[BlackElo "2482"]
[PlyCount "119"]
[EventDate "2007.08.20"]
[Source "www.chesslib.no"]
[SourceDate "2004.05.04"]

1. e4 e5 2. Nf3 Nc6 3. Bc4 Bc5 4. b4 Bxb4 5. c3 Bd6 6. O-O Nf6 7. d4 O-O 8. Re1 Rb8 9. a4 b6 10. Bb5 Qe8 11. Bg5 Kh8 12. Nbd2 Ng8 13. Nc4 Be7 14. Bxe7 Qxe7 15. Ncxe5 Nxe5 16. Nxe5 f6 17. Nf3 a5 18. e5 Bb7 19. d5 c6 20. d6 Qe6 21. Bd3 c5 22. Be4 Bxe4 23. Rxe4 Qf5 24. Qe2 fxe5 25. Rxe5 Qg6 26. Rd1 Rf6 27. Rg5 Re8 28. Qd2 Qh6 29. Ne5 Qh4 30. Nxd7 Rxd6 31. Qxd6 Qxg5 32. Nxb6 Nf6 33. h3 h6 34. Nc4 Qf5 35. Ne3 Qg5 36. c4 Qh4 37. Qxc5 Qxf2+ 38. Kxf2 Ne4+ 39. Kf3 Nxc5 40. Rd5 Rc8 41. Ke2 Nxa4 42. Rxa5 Nb2 43. c5 Re8 44. Ra3 Nc4 45. Rc3 Nxe3 46. Rxe3 Rc8 47. Re5 Kg8 48. Kd3 Kf7 49. Kc4 Kf6 50. Re2 Rb8 51. c6 Rb1 52. Kc5 Rc1+ 53. Kb6 Rb1+ 54. Ka7 Ra1+ 55. Kb7 Rb1+ 56. Kc8 h5 57. c7 Rb4 58. Kd7 Rd4+ 59. Kc6 Rc4+ 60. Kd6 1-0

[Event "Jakarta"]
[Site "Jakarta"]
[Date "1996.??.??"]
[Round "?"]
[White "Situru, Nathanael"]
[Black "Barus, Cerdas"]
[Result "1/2-1/2"]
[WhiteElo "2385"]
[BlackElo "2410"]
[PlyCount "25"]
[EventDate "1996.08.28"]
[Source "ChessBase"]
[SourceDate "1997.04.10"]

1. e4 e5 2. Nf3 Nc6 3. Bc4 Bc5 4. b4 Bxb4 5. c3 Ba5 6. d4 exd4 7. O-O Bb6 8. cxd4 d6 9. h3 h6 10. Nc3 Nge7 11. Bf4 O-O 12. Qd2 Na5 13. Bd3 1/2-1/2

[Event "Colon Artesania op"]
[Site "?"]
[Date "2003.02.16"]
[Round "7"]
[White "Neubauer Martin"]
[Black "Diaz Nahuel"]
[Result "0-1"]
[WhiteElo "2420"]
[BlackElo "2375"]
[PlyCount "88"]
[EventDate "2003.??.??"]
[Source "www.chesslib.no"]
[SourceDate "2004.05.04"]

1. e4 e5 2. Nf3 Nc6 3. Bc4 Bc5 4. b4 Bxb4 5. c3 Be7 6. d4 exd4 7. Qb3 Na5 8. Bxf7+ Kf8 9. Qa4 Kxf7 10. Qxa5 d5 11. cxd4 Nf6 12. Ng5+ Kg8 13. e5 Ne8 14. f4 c6 15. Qc3 Nc7 16. O-O Bf5 17. Nd2 Qd7 18. a4 h6 19. Ngf3 Ne6 20. Nb3 b6 21. a5 Rc8 22. axb6 axb6 23. Kh1 c5 24. dxc5 bxc5 25. Ba3 d4 26. Qc4 Kh7 27. Rac1 Rhf8 28. Nfd2 Kh8 29. Qe2 Qd5 30. Kg1 g5 31. fxg5 Bxg5 32. Na5 Be3+ 33. Kh1 Nf4 34. Rxf4 Bxf4 35. Nac4 Rg8 36. Nb6 Qa2 37. Nxc8 Bxc8 38. Bxc5 Qxd2 39. Qxd2 Bxd2 40. Rd1 Be3 41. Bxd4 Bb7 42. e6+ Kh7 43. Bxe3 Bxg2+ 44. Kg1 Bf3+ 0-1

[Event "Toscolano Open"]
[Site "Toscolano"]
[Date "1995.??.??"]
[Round "?"]
[White "Sermek, Drazen"]
[Black "Luciani, Carlo"]
[Result "1-0"]
[WhiteElo "2515"]
[BlackElo "2275"]
[PlyCount "77"]
[EventDate "1995.??.??"]
[Source "www.chesslib.no"]
[SourceDate "2004.05.04"]

1. e4 e5 2. Nf3 Nc6 3. Bc4 Bc5 4. b4 Bxb4 5. c3 Be7 6. d4 Na5 7. Be2 exd4 8. Qxd4 Kf8 9. O-O d6 10. h3 Bf6 11. Qe3 Ne7 12. Rd1 Qe8 13. Nbd2 h6 14. Nd4 Bd7 15. Re1 Kg8 16. f4 c5 17. Nc2 Bb5 18. Nf3 Bxe2 19. Rxe2 Qb5 20. Na3 Qa6 21. Rb1 Bxc3 22. Nb5 Bd4 23. Nfxd4 cxd4 24. Qxd4 Nac6 25. Qf2 Rd8 26. f5 b6 27. f6 Ng6 28. fxg7 Kxg7 29. Bb2+ Nce5 30. Rf1 Rhf8 31. Nd4 Kh7 32. Nf5 Qd3 33. Re3 Qc4 34. Rg3 Qe6 35. Qd2 Ne7 36. Rg7+ Kh8 37. Nd4 Kxg7 38. Nxe6+ fxe6 39. Rxf8 1-0

[Event "Corr"]
[Site "?"]
[Date "1999.??.??"]
[Round "?"]
[White "Bohak Janko"]
[Black "Copar Anton"]
[Result "0-1"]
[WhiteElo "2382"]
[BlackElo "2405"]
[PlyCount "80"]
[EventDate "1999.??.??"]
[Source "www.chesslib.no"]
[SourceDate "2004.05.04"]

1. e4 e5 2. Nf3 Nc6 3. Bc4 Bc5 4. b4 Bxb4 5. c3 Be7 6. Qb3 Nh6 7. d4 Na5 8. Qb5 Nxc4 9. Bxh6 gxh6 10. Qxc4 exd4 11. cxd4 d5 12. exd5 O-O 13. O-O Bf5 14. Nc3 Kh8 15. Rfe1 Bd6 16. Ne4 Rg8 17. Rab1 Bxe4 18. Rxe4 Qf6 19. Ne5 Qf5 20. Qd3 Rg7 21. Rxb7 f6 22. Qf3 Qc8 23. Rb3 fxe5 24. dxe5 Be7 25. Rc4 Qa6 26. Rc2 Rf8 27. Qe4 Rgf7 28. f3 Rf4 29. Qe1 Bd8 30. Qd1 Qg6 31. Kh1 R4f5 32. Re2 Qg7 33. Rbe3 Bg5 34. Re4 h5 35. Qd4 h4 36. Qxa7 h3 37. d6 hxg2+ 38. Rxg2 Rxf3 39. Re1 Qh6 40. Qd4 Rf1+ 0-1

[Event "Pardubice Open"]
[Site "Pardubice CZE"]
[Date "1995.??.??"]
[Round "?"]
[White "Jurkovic, Hrvoje"]
[Black "Keitlinghaus, Ludger"]
[Result "1/2-1/2"]
[WhiteElo "2285"]
[BlackElo "2495"]
[PlyCount "68"]
[EventDate "1995.07.??"]
[Source "www.chesslib.no"]
[SourceDate "2004.05.04"]

1. e4 e5 2. Nf3 Nc6 3. Bc4 Bc5 4. b4 Bxb4 5. c3 Be7 6. d4 Na5 7. Be2 exd4 8. Qxd4 Kf8 9. e5 Nc6 10. Qf4 d6 11. Bc4 Nh6 12. O-O dxe5 13. Nxe5 Nxe5 14. Qxe5 Qd6 15. Qe2 Ng4 16. f4 Be6 17. Na3 Bxc4 18. Nxc4 Qe6 19. Ne5 h5 20. Be3 Bd6 21. Qf3 Re8 22. Rae1 Kg8 23. Bd4 Bxe5 24. fxe5 b6 25. c4 Qxc4 26. Re4 Qd5 27. e6 f6 28. Rfe1 Rxe6 29. Rxe6 Qxd4+ 30. Kh1 Nf2+ 31. Kg1 Ng4+ 32. Kh1 Nf2+ 33. Kg1 Ng4+ 34. Kh1 Nf2+ 1/2-1/2

[Event "Balkaniad"]
[Site "Varna BUL"]
[Date "1994.??.??"]
[Round "3"]
[White "Georgiev, Vladimir"]
[Black "Musat, Adrian"]
[Result "1/2-1/2"]
[WhiteElo "2430"]
[BlackElo "2350"]
[PlyCount "67"]
[EventDate "1994.10.??"]
[Source "www.chesslib.no"]
[SourceDate "2004.05.04"]

1. e4 e5 2. Nf3 Nc6 3. Bc4 Bc5 4. b4 Bxb4 5. c3 Be7 6. d4 Na5 7. Nxe5 Nxc4 8. Nxc4 d5 9. exd5 Qxd5 10. Ne3 Qd8 11. O-O Nf6 12. Qf3 O-O 13. Rd1 c6 14. c4 Bd7 15. Nc3 Qa5 16. Bb2 Ba3 17. Bxa3 Qxa3 18. Rd3 b6 19. Rad1 Qd6 20. d5 c5 21. Nb5 Bxb5 22. cxb5 Qd7 23. a4 Rfe8 24. d6 Rad8 25. Nf5 Re6 26. Qf4 g6 27. Ne7+ Kg7 28. f3 Re2 29. Qc4 Qe6 30. Qc3 Qa2 31. R1d2 Qb1+ 32. Rd1 Qa2 33. R1d2 Qb1+ 34. Rd1 1/2-1/2

[Event "Corr"]
[Site "?"]
[Date "2001.??.??"]
[Round "?"]
[White "Ortiz Elias Jose"]
[Black "Bendana Guerrero Guy Jose"]
[Result "1/2-1/2"]
[WhiteElo "2460"]
[BlackElo "2310"]
[PlyCount "89"]
[EventDate "2001.??.??"]
[Source "www.chesslib.no"]
[SourceDate "2004.05.04"]

1. e4 e5 2. Nf3 Nc6 3. Bc4 Bc5 4. b4 Bxb4 5. c3 Be7 6. d4 Na5 7. Be2 exd4 8. Qxd4 Nf6 9. e5 Nc6 10. Qh4 Nd5 11. Qg3 g6 12. O-O O-O 13. Bh6 Re8 14. c4 Nb6 15. Nc3 d6 16. Rad1 Bd7 17. Be3 Nxe5 18. Nxe5 Bh4 19. Nxf7 Kxf7 20. Qf4+ Kg8 21. c5 dxc5 22. Ne4 Rf8 23. Qh6 Qe7 24. f3 Rf5 25. g4 Re5 26. g5 Bg4 27. Bd3 Rxe4 28. fxe4 Bh5 29. Rd2 c4 30. Bc2 c6 31. Bd1 Nd5 32. Rxd5 cxd5 33. Bxh5 gxh5 34. Qxh5 d4 35. Bc1 c3 36. g6 hxg6 37. Qd5+ Kg7 38. Qxd4+ Bf6 39. Rxf6 Qxf6 40. Bh6+ Kf7 41. Qd5+ Ke8 42. Qg8+ Kd7 43. Qxa8 Qd4+ 44. Kf1 Qd3+ 45. Kf2 1/2-1/2

[Event "Buenos Aires ARG, American Ch 05"]
[Site "?"]
[Date "2005.08.10"]
[Round "5"]
[White "Mieles Palau Daniel"]
[Black "Mazziotti Irigoyen Gabriel"]
[Result "1/2-1/2"]
[WhiteElo "2476"]
[BlackElo "2293"]
[PlyCount "133"]
[EventDate "2005.??.??"]
[Source "www.chesslib.no"]
[SourceDate "2004.05.04"]

1. e4 e5 2. Nf3 Nc6 3. Bc4 Bc5 4. b4 Bxb4 5. c3 Bd6 6. d4 Qe7 7. O-O b6 8. Re1 Bb7 9. Nbd2 f6 10. Bd3 Ba3 11. Bxa3 Qxa3 12. Nc4 Qe7 13. a4 Nh6 14. a5 O-O 15. a6 Bc8 16. d5 Nd8 17. d6 cxd6 18. Nxd6 Ne6 19. Bc4 Nf7 20. Nf5 Qc5 21. Qb3 Rb8 22. Bb5 Nc7 23. Bc4 b5 24. Bxf7+ Rxf7 25. Red1 Rb6 26. g4 d5 27. Ne3 Rxa6 28. Rxa6 Bxa6 29. exd5 Ne8 30. d6 Nxd6 31. Qe6 Bc8 32. Qxd6 Qxc3 33. g5 Qc7 34. Qb4 Bb7 35. Nd5 Qc2 36. Rd2 Qc1+ 37. Kg2 Qc6 38. Rd3 Qe6 39. g6 hxg6 40. Ne3 Rd7 41. Rxd7 Qxd7 42. Kg3 Bc8 43. Ng1 f5 44. Kg2 f4 45. Nc2 Bb7+ 46. f3 e4 47. Nd4 exf3+ 48. Ngxf3 g5 49. Kf2 g4 50. Ne5 Qd5 51. Qb3 Qxb3 52. Nxb3 Bd5 53. Na5 b4 54. Ng6 g3+ 55. hxg3 fxg3+ 56. Kxg3 Bf7 57. Ne7+ Kf8 58. Nec6 b3 59. Nxb3 Bxb3 60. Nxa7 Ba4 61. Nc8 Kf7 62. Nd6+ Ke6 63. Ne4 Kf5 64. Nd6+ Ke5 65. Nc4+ Kd4 66. Nd6 Bd7 67. Kf4 1/2-1/2

[Event "Open A"]
[Site "Klatovy"]
[Date "2004.07.08"]
[Round "6"]
[White "Turner, Jan"]
[Black "Neuman, Petr"]
[Result "1/2-1/2"]
[WhiteElo "2338"]
[BlackElo "2428"]
[PlyCount "79"]
[EventDate "2004.07.03"]
[Source "Roberto Alvarez"]
[SourceDate "2004.07.12"]

1. e4 e5 2. Nf3 Nc6 3. Bc4 Bc5 4. b4 Bxb4 5. c3 Be7 6. d4 exd4 7. Qb3 Na5 8. Bxf7+ Kf8 9. Qa4 Kxf7 10. Qxa5 c5 11. Qxd8 Bxd8 12. cxd4 cxd4 13. Nxd4 Bf6 14. Be3 Ne7 15. Nc3 Nc6 16. O-O-O a6 17. Nd5 Nxd4 18. Bxd4 Bg5+ 19. f4 Bd8 20. Bb6 a5 21. Bxd8 Rxd8 22. Nb6 Ra6 23. Rd6 a4 24. Kb2 Ra5 25. Rc1 Ra6 26. Nxc8 Rxc8 27. Rxa6 Rxc1 28. Kxc1 bxa6 29. Kd2 Ke6 30. Kc3 h5 31. g3 Kd6 32. Kc4 Kc6 33. h3 a5 34. a3 Kd6 35. Kd4 g6 36. g4 Ke6 37. f5+ gxf5 38. exf5+ Kf6 39. Kd5 h4 40. Kd6 1/2-1/2

[Event "SWE-ch"]
[Site "Karlskrona"]
[Date "1983.??.??"]
[Round "?"]
[White "Ernst, Thomas"]
[Black "Wiedenkeller, Michael"]
[Result "1/2-1/2"]
[WhiteElo "2380"]
[BlackElo "2385"]
[PlyCount "103"]
[EventDate "1983.07.??"]
[Source "ChessBase"]

1. e4 e5 2. Nf3 Nc6 3. Bc4 Bc5 4. b4 Bxb4 5. c3 Be7 6. Qb3 Nh6 7. d4 Na5 8. Qb5 Nxc4 9. Bxh6 gxh6 10. Qxc4 d6 11. dxe5 Be6 12. Qb5+ Qd7 13. Qxb7 O-O 14. Nbd2 dxe5 15. Nxe5 Qd6 16. Ndf3 Bf6 17. Rd1 Qb6 18. Qxb6 axb6 19. O-O Rxa2 20. Nd7 Bxc3 21. Nxf8 Kxf8 22. Rd3 Bf6 23. Rfd1 c5 24. Rd6 b5 25. Rc6 Be7 26. Ne5 b4 27. f4 Re2 28. f5 Rxe4 29. fxe6 Rxe5 30. Rf1 f5 31. g4 Kg7 32. Rxf5 Rxf5 33. gxf5 Kf6 34. Rc7 b3 35. Rb7 c4 36. Kf2 Ba3 37. Rf7+ Kg5 38. h4+ Kf4 39. f6 c3 40. e7 Bc5+ 41. Ke2 b2 42. e8=Q b1=Q 43. Qa4+ Bb4 44. Rc7 Qe4+ 45. Kf1 Qh1+ 46. Ke2 Qe4+ 47. Kf1 Qd3+ 48. Kf2 Qd4+ 49. Kg2 h5 50. Qc6 Qd2+ 51. Kf1 Qd3+ 52. Kf2 1/2-1/2

[Event "Carl Schlechter mem"]
[Site "Vienna"]
[Date "1996.??.??"]
[Round "4"]
[White "Palkovi, Jozsef"]
[Black "Dueckstein, Andreas"]
[Result "1/2-1/2"]
[WhiteElo "2460"]
[BlackElo "2305"]
[PlyCount "69"]
[EventDate "1996.10.10"]
[Source "ChessBase"]

1. e4 e5 2. Nf3 Nc6 3. Bc4 Bc5 4. b4 Bxb4 5. c3 Be7 6. d4 exd4 7. Qb3 Na5 8. Bxf7+ Kf8 9. Qa4 Kxf7 10. Qxa5 d5 11. exd5 Nf6 12. O-O Qxd5 13. Qxc7 Bd7 14. Ne5+ Kf8 15. Ba3 Re8 16. Nxd7+ Qxd7 17. Qxd7 Nxd7 18. cxd4 Kf7 19. Bxe7 Rxe7 20. Nc3 Nf6 21. Rfd1 Rd7 22. Rd3 Rc8 23. Kf1 Rdc7 24. Nb5 Rc1+ 25. Rxc1 Rxc1+ 26. Ke2 Nd5 27. Rd2 Nc3+ 28. Nxc3 Rxc3 29. Rb2 b6 30. Kd2 Ra3 31. Rc2 Ke6 32. Kc1 Kd6 33. Rd2 Kd5 34. Kb2 Ra5 35. Kc3 1/2-1/2